00757nam a2200181Ia 4500003000900000008004100009020002600050040001600076100002800092245008000120260003200200300002000232490003300252856010300285942000700388999001700395952016300412IN-BaIIA211028s9999 xx s 000 0 eng d a9780819446701 (Print) cIIA Library aPerina, Jan, ed.941157 0aFirst International Workshop on Classical and Quantum Interferenceh[eBook] aWashington, USAbSPIEc2002 aOnline resource aProceedings of SPIE; V. 4888 uhttps://www.spiedigitallibrary.org/conference-proceedings-of-spie/4888yClick Here to Access eBook cEB c25426d25426 00104070aBANbBANd2011-07-01eSPIEhV. 4888l0pEB4886r2021-11-05uhttps://www.spiedigitallibrary.org/conference-proceedings-of-spie/4888w2021-11-05yEB